SARAWAK FOLKTALES : (Record no. 179735)

MARC details
000 -LEADER
fixed length control field 01104nam a22002891i 4500
005 - DATE AND TIME OF LATEST TRANSACTION
control field 20201108162055.0
008 - FIXED-LENGTH DATA ELEMENTS--GENERAL INFORMATION
fixed length control field 201108t2017 my a|||g ||| 000 0 may d
020 ## - INTERNATIONAL STANDARD BOOK NUMBER
International Standard Book Number 9789671336311
Terms of availability RM 55.00
Qualifying information paperback
040 ## - CATALOGING SOURCE
Original cataloging agency PPAK
Language of cataloging eng
Transcribing agency PPAK
Description conventions rda
082 04 - DEWEY DECIMAL CLASSIFICATION NUMBER
Edition number 23
Classification number 398.20959522
090 00 - LOCALLY ASSIGNED LC-TYPE CALL NUMBER (OCLC); LOCAL CALL NUMBER (RLIN)
Classification number (OCLC) (R) ; Classification number, CALL (RLIN) (NR) 398.20959522
Feature heading HEI
Feature heading G
100 0# - MAIN ENTRY--PERSONAL NAME
Personal name Heidi Munan
Dates associated with a name 1941-,
Relator term author.
245 10 - TITLE STATEMENT
Title SARAWAK FOLKTALES :
Remainder of title BIDAYUH, IBAN, MALAY, MELANAU, ORANG ULU /
Statement of responsibility, etc. heidimunan
264 #1 - PRODUCTION, PUBLICATION, DISTRIBUTION, MANUFACTURE, AND COPYRIGHT NOTICE
Place of production, publication, distribution, manufacture Sarawak :
Name of producer, publisher, distributor, manufacturer MUCOW books company ,
Date of production, publication, distribution, manufacture, or copyright notice 2017
Date of production, publication, distribution, manufacture, or copyright notice ©2017
300 ## - PHYSICAL DESCRIPTION
Extent 256 pages :
Other physical details illustration (black and white) ;
Dimensions 22 cm.
336 ## - CONTENT TYPE
Source rdacontent
Content type term text
337 ## - MEDIA TYPE
Source rdamedia
Media type term unmediated
338 ## - CARRIER TYPE
Source rdacarrier
Carrier type term volume
650 10 - SUBJECT ADDED ENTRY--TOPICAL TERM
Topical term or geographic name entry element Tales
Geographic subdivision Malaysia
-- Sarawak.
Topical term or geographic name entry element Bidayuh (Bornean people)
Geographic subdivision Malaysia
-- Sarawak
General subdivision Folkfore.
Topical term or geographic name entry element Iban (Bornean people)
Geographic subdivision Malaysia
-- Sarawak
General subdivision Folkfore.
Topical term or geographic name entry element Malay (Bornean people)
Geographic subdivision Malaysia
-- Sarawak
General subdivision Folkfore.
Topical term or geographic name entry element Melanau (Bornean people)
Geographic subdivision Malaysia
-- Sarawak
General subdivision Folkfore.
Topical term or geographic name entry element Orang Ulu (Bornean people)
Geographic subdivision Malaysia
-- Sarawak
General subdivision Folkfore.
942 ## - ADDED ENTRY ELEMENTS (KOHA)
Source of classification or shelving scheme Dewey Decimal Classification
Koha item type Book
Holdings
Withdrawn Not for loan Current library Shelving location Date acquired Total Checkouts Total Renewals Full call number Barcode Date last seen Date last checked out Koha item type
    Perpustakaan Alor Setar Pinjaman Dewasa 23/11/2020 1 1 398.20959522 HEI A01662385 28/06/2022 18/05/2022 Book
    Perpustakaan Awam Sungai Petani Pinjaman Dewasa 23/11/2020 1   398.20959522 HEI A01662386 26/02/2024 06/02/2024 Book
    Perpustakaan Baling Pinjaman Dewasa 23/11/2020     398.20959522 HEI A01662388 23/11/2020   Book
    Perpustakaan Bandar Baharu Pinjaman Dewasa 23/11/2020     398.20959522 HEI A01662389 23/11/2020   Book
    Perpustakaan Kulim Pinjaman Dewasa 23/11/2020 1   398.20959522 HEI A01662387 25/05/2022 07/05/2022 Book
    Perpustakaan Merbok Pinjaman Dewasa 23/11/2020     398.20959522 HEI A01662390 23/11/2020   Book